LOGISTICAL MANAGEMENT ,A SYSTEMS INTEGRATION OF PHYSICAL DISTRIBUTION MANUFACTURING SUPPORT AND MATERIALS PROCUREMENT , (Record no. 571408)
[ view plain ]
| 000 -LEADER | |
|---|---|
| fixed length control field | 00521nam a22001457a 4500 |
| 020 ## - INTERNATIONAL STANDARD BOOK NUMBER | |
| International Standard Book Number | 0-02-313090-3 |
| 082 ## - DEWEY DECIMAL CLASSIFICATION NUMBER | |
| Classification number | 658.5 BOW'L |
| 100 ## - MAIN ENTRY--PERSONAL NAME | |
| Personal name | BOWERSOX, DONALD J ,CLOSS, DAVID J ,HELFERICH, OMAR K |
| 9 (RLIN) | 62236 |
| 245 ## - TITLE STATEMENT | |
| Title | LOGISTICAL MANAGEMENT ,A SYSTEMS INTEGRATION OF PHYSICAL DISTRIBUTION MANUFACTURING SUPPORT AND MATERIALS PROCUREMENT , |
| 250 ## - EDITION STATEMENT | |
| Edition statement | 3RD |
| 260 ## - PUBLICATION, DISTRIBUTION, ETC. | |
| Place of publication, distribution, etc. | NEWYORK |
| Name of publisher, distributor, etc. | MACMILLAN |
| Date of publication, distribution, etc. | 2986 |
| 300 ## - PHYSICAL DESCRIPTION | |
| Extent | 586P |
| 650 ## - SUBJECT ADDED ENTRY--TOPICAL TERM | |
| Topical term or geographic name entry element | MATERIALS MANAGEMENT PHYSICAL DISTRIBUTION OF GOODS MANAGEMENT |
| 9 (RLIN) | 62237 |
| 942 ## - ADDED ENTRY ELEMENTS (KOHA) | |
| Koha item type | Book |
| Withdrawn status | Lost status | Damaged status | Not for loan | Permanent Location | Current Location | Shelving location | Date acquired | Total Checkouts | Full call number | Barcode | Date last seen | Price effective from | Koha item type |
|---|---|---|---|---|---|---|---|---|---|---|---|---|---|
| College of Electrical & Mechanical Engineering (CEME) | College of Electrical & Mechanical Engineering (CEME) | General Stacks | 07/23/2017 | 658.5 BOW'L | CEME-25484 | 06/28/2021 | 06/28/2021 | Book | |||||
| College of Electrical & Mechanical Engineering (CEME) | College of Electrical & Mechanical Engineering (CEME) | General Stacks | 07/23/2017 | 658.5 BOW'L | CEME-25487 | 06/28/2021 | 06/28/2021 | Book |
